[Event "DEM U12 2021"]
[Site "Willingen GER"]
[Date "2021.08.28"]
[Round "8"]
[White "Goldmann, David"]
[Black "Rödel, Jannis"]
[Result "1-0"]
[Termination "normal"]
[Board "14"]
[WhiteElo "1629"]
[BlackElo "1349"]
[WhiteClock "00:50:33"]
[BlackClock "00:47:06"]
[PlyCount "63"]
[WhiteFideId "16268920"]
[BlackFideId "34608834"]
[EventCountry "GER"]
[EventRounds "9"]
[EventType "swiss"]
[EventDate "2021.08.22"]

1. e4 {[%clk 01:30:57]} {[%emt 00:00:03]} e5 {[%clk 01:30:57]} {[%emt
00:00:03]} 2. Nf3 {[%clk 01:31:12]} {[%emt 00:00:15]} Nc6 {[%clk 01:31:20]}
{[%emt 00:00:08]} 3. Bb5 {[%clk 01:30:13]} {[%emt 00:01:28]} Nge7 {[%clk
01:31:43]} {[%emt 00:00:06]} 4. O-O {[%clk 01:29:50]} {[%emt 00:00:53]} g6
{[%clk 01:32:07]} {[%emt 00:00:07]} 5. d4 {[%clk 01:28:23]} {[%emt 00:01:56]}
exd4 {[%clk 01:32:27]} {[%emt 00:00:11]} 6. Nxd4 {[%clk 01:28:38]} {[%emt
00:00:15]} Bg7 {[%clk 01:32:43]} {[%emt 00:00:14]} 7. Nxc6 {[%clk 01:29:01]}
{[%emt 00:00:07]} bxc6 {[%clk 01:31:26]} {[%emt 00:01:47]} 8. Be2 {[%clk
01:29:05]} {[%emt 00:00:25]} O-O {[%clk 01:31:47]} {[%emt 00:00:10]} 9. c3
{[%clk 01:28:28]} {[%emt 00:01:07]} d5 {[%clk 01:31:32]} {[%emt 00:00:45]} 10.
Bg5 {[%clk 01:21:32]} {[%emt 00:07:25]} f6 {[%clk 04:45:44]} {[%emt 00:04:42]}
11. Bf4 {[%clk 01:21:28]} {[%emt 00:00:34]} Rb8 {[%clk 01:23:48]} {[%emt
00:04:03]} 12. Qd2 {[%clk 01:16:02]} {[%emt 00:05:55]} f5 {[%clk 01:16:28]}
{[%emt 00:07:49]} 13. e5 {[%clk 01:10:57]} {[%emt 00:05:36]} c5 {[%clk
01:14:49]} {[%emt 00:02:09]} 14. Rd1 {[%clk 01:06:28]} {[%emt 00:04:58]} Be6
{[%clk 01:09:07]} {[%emt 00:06:13]} 15. b3 {[%clk 01:01:47]} {[%emt 00:05:11]}
Nc6 {[%clk 01:06:30]} {[%emt 00:03:06]} 16. Bg5 {[%clk 00:58:19]} {[%emt
00:03:58]} Qd7 {[%clk 01:05:44]} {[%emt 00:01:17]} 17. f4 {[%clk 00:58:31]}
{[%emt 00:00:17]} d4 {[%clk 01:04:34]} {[%emt 00:01:41]} 18. Bh4 {[%clk
00:50:45]} {[%emt 00:08:15]} Rfe8 {[%clk 00:59:17]} {[%emt 00:05:48]} 19. Na3
{[%clk 00:50:31]} {[%emt 00:00:44]} Bh6 {[%clk 00:55:27]} {[%emt 00:04:19]} 20.
Bb5 {[%clk 00:47:42]} {[%emt 00:03:20]} a6 {[%clk 00:50:45]} {[%emt 00:05:12]}
21. Bxc6 {[%clk 00:47:51]} {[%emt 00:00:21]} Qxc6 {[%clk 00:51:05]} {[%emt
00:00:10]} 22. cxd4 {[%clk 00:47:27]} {[%emt 00:00:54]} Bf8 {[%clk 00:51:00]}
{[%emt 00:00:34]} 23. d5 {[%clk 00:47:47]} {[%emt 00:00:11]} Qb6 {[%clk
00:50:28]} {[%emt 00:01:02]} 24. Nc4 {[%clk 00:48:07]} {[%emt 00:00:09]} Qb5
{[%clk 00:49:44]} {[%emt 00:01:14]} 25. dxe6 {[%clk 00:48:27]} {[%emt
00:00:10]} Rxe6 {[%clk 00:49:54]} {[%emt 00:00:21]} 26. Qd7 {[%clk 00:48:46]}
{[%emt 00:00:11]} Qxd7 {[%clk 00:49:35]} {[%emt 00:00:49]} 27. Rxd7 {[%clk
00:49:07]} {[%emt 00:00:09]} Rb7 {[%clk 00:49:24]} {[%emt 00:00:41]} 28. Rad1
{[%clk 00:49:10]} {[%emt 00:00:26]} h6 {[%clk 00:47:32]} {[%emt 00:02:23]} 29.
Bf6 {[%clk 00:49:30]} {[%emt 00:00:09]} g5 {[%clk 00:47:49]} {[%emt 00:00:14]}
30. g3 {[%clk 00:49:46]} {[%emt 00:00:12]} gxf4 {[%clk 00:47:47]} {[%emt
00:00:32]} 31. gxf4 {[%clk 00:50:10]} {[%emt 00:00:07]} Re8 {[%clk 00:47:06]}
{[%emt 00:01:11]} 32. R1d2 {[%clk 00:50:33]} {[%emt 00:00:07]} 1-0

[Event "DEM U12 2021"]
[Site "Willingen GER"]
[Date "2021.08.28"]
[Round "8"]
[White "Braun, Julian"]
[Black "Shkundin, Maximilian"]
[Result "0-1"]
[Termination "normal"]
[Board "15"]
[WhiteElo "1436"]
[BlackElo "1263"]
[WhiteClock "00:15:04"]
[BlackClock "00:38:24"]
[PlyCount "88"]
[WhiteFideId "16289293"]
[BlackFideId "16287258"]
[EventCountry "GER"]
[EventRounds "9"]
[EventType "swiss"]
[EventDate "2021.08.22"]

1. e4 {[%clk 01:30:59]} c5 {[%clk 01:30:54]} {[%emt 00:00:06]} 2. Nc3 {[%clk
01:31:26]} {[%emt 00:00:03]} d6 {[%clk 01:31:16]} {[%emt 00:00:09]} 3. d4
{[%clk 01:31:52]} {[%emt 00:00:04]} cxd4 {[%clk 01:31:31]} {[%emt 00:00:15]} 4.
Qxd4 {[%clk 01:32:20]} {[%emt 00:00:02]} Nc6 {[%clk 01:31:49]} {[%emt
00:00:11]} 5. Qd2 {[%clk 01:32:45]} {[%emt 00:00:05]} g6 {[%clk 01:31:57]}
{[%emt 00:00:22]} 6. b3 {[%clk 01:33:05]} {[%emt 00:00:11]} Bh6 {[%clk
01:31:58]} {[%emt 00:00:28]} 7. f4 {[%clk 01:26:04]} {[%emt 00:07:31]} f5
{[%clk 01:32:03]} {[%emt 00:00:26]} 8. Bb2 {[%clk 01:18:33]} {[%emt 00:08:01]}
Nf6 {[%clk 01:32:03]} {[%emt 00:00:29]} 9. Bd3 {[%clk 01:15:15]} {[%emt
00:03:49]} Qa5 {[%clk 01:29:40]} {[%emt 00:02:53]} 10. O-O-O {[%clk 01:10:58]}
{[%emt 00:04:46]} fxe4 {[%clk 01:29:10]} {[%emt 00:01:00]} 11. Bxe4 {[%clk
01:07:49]} {[%emt 00:03:39]} Nxe4 {[%clk 01:27:27]} {[%emt 00:02:13]} 12. Nxe4
{[%clk 01:08:04]} {[%emt 00:00:15]} Qxd2+ {[%clk 01:26:09]} {[%emt 00:01:48]}
13. Rxd2 {[%clk 01:07:10]} {[%emt 00:01:24]} Rf8 {[%clk 01:25:58]} {[%emt
00:00:41]} 14. g3 {[%clk 01:06:16]} {[%emt 00:01:25]} Bf5 {[%clk 01:24:12]}
{[%emt 00:02:16]} 15. Nc3 {[%clk 01:02:17]} {[%emt 00:04:28]} O-O-O {[%clk
01:23:22]} {[%emt 00:01:20]} 16. Kb1 {[%clk 01:00:20]} {[%emt 00:02:27]} g5
{[%clk 01:19:24]} {[%emt 00:04:28]} 17. Nge2 {[%clk 00:56:13]} {[%emt
00:04:37]} gxf4 {[%clk 01:19:21]} {[%emt 00:00:33]} 18. gxf4 {[%clk 00:56:14]}
{[%emt 00:00:29]} Rg8 {[%clk 01:19:34]} {[%emt 00:00:17]} 19. Nd5 {[%clk
00:40:45]} {[%emt 00:15:59]} Rg2 {[%clk 01:13:41]} {[%emt 00:06:23]} 20. Ne3
{[%clk 00:38:47]} {[%emt 00:02:28]} Bxf4 {[%clk 01:12:00]} {[%emt 00:02:11]}
21. Nxf4 {[%clk 00:37:47]} {[%emt 00:01:30]} Rxd2 {[%clk 01:11:11]} {[%emt
00:01:19]} 22. Nxf5 {[%clk 00:38:06]} {[%emt 00:00:11]} Rf8 {[%clk 01:10:47]}
{[%emt 00:00:54]} 23. Bc1 {[%clk 00:34:50]} {[%emt 00:03:46]} Rf2 {[%clk
01:08:57]} {[%emt 00:02:19]} 24. Ng3 {[%clk 00:32:55]} {[%emt 00:02:26]} R2xf4
{[%clk 01:08:37]} {[%emt 00:00:50]} 25. Bxf4 {[%clk 00:33:12]} {[%emt
00:00:13]} Rxf4 {[%clk 01:09:02]} {[%emt 00:00:06]} 26. Kb2 {[%clk 00:30:49]}
{[%emt 00:02:52]} Rf2 {[%clk 01:07:56]} {[%emt 00:01:35]} 27. Kc3 {[%clk
00:26:40]} {[%emt 00:04:40]} b5 {[%clk 01:07:41]} {[%emt 00:00:46]} 28. a3
{[%clk 00:23:53]} {[%emt 00:03:17]} a5 {[%clk 01:07:35]} {[%emt 00:00:36]} 29.
Ne4 {[%clk 00:22:25]} {[%emt 00:01:58]} b4+ {[%clk 01:06:30]} {[%emt 00:01:35]}
30. axb4 {[%clk 00:22:32]} {[%emt 00:00:23]} axb4+ {[%clk 01:06:44]} {[%emt
00:00:15]} 31. Kd3 {[%clk 00:21:31]} {[%emt 00:01:31]} Ne5+ {[%clk 01:06:29]}
{[%emt 00:00:45]} 32. Ke3 {[%emt 00:02:09]} Rxc2 {[%clk 01:06:41]} {[%emt
00:02:00]} 33. h3 {[%clk 00:21:27]} {[%emt 00:00:42]} Kd7 {[%clk 01:03:19]}
{[%emt 00:03:52]} 34. Ra1 {[%clk 00:20:05]} {[%emt 00:01:53]} Rh2 {[%clk
00:55:07]} {[%emt 00:08:41]} 35. Kf4 {[%clk 00:17:45]} {[%emt 00:02:49]} Rxh3
{[%clk 00:53:52]} {[%emt 00:01:46]} 36. Ra7+ {[%clk 00:17:27]} {[%emt
00:00:48]} Kc6 {[%clk 00:53:54]} {[%emt 00:00:28]} 37. Ra6+ {[%clk 00:17:06]}
{[%emt 00:00:52]} Kb7 {[%clk 00:53:37]} {[%emt 00:00:45]} 38. Ra5 {[%clk
00:16:37]} {[%emt 00:00:59]} Rxb3 {[%clk 00:50:36]} {[%emt 00:03:33]} 39. Kf5
{[%clk 00:16:11]} {[%emt 00:00:55]} Nc6 {[%clk 00:47:52]} {[%emt 00:03:14]} 40.
Rd5 {[%clk 00:14:36]} {[%emt 00:02:06]} e6+ {[%clk 00:40:58]} {[%emt 00:07:24]}
41. Kxe6 {[%clk 00:14:41]} {[%emt 00:00:25]} Re3 {[%clk 00:41:09]} {[%emt
00:00:18]} 42. Rb5+ {[%clk 00:14:50]} {[%emt 00:00:22]} Ka6 {[%clk 00:39:13]}
{[%emt 00:02:25]} 43. Kd5 {[%clk 00:14:45]} {[%emt 00:00:35]} Rxe4 {[%clk
00:38:06]} {[%emt 00:01:37]} 44. Kxc6 {[%clk 00:15:04]} {[%emt 00:00:12]} Rc4
{[%clk 00:38:24]} {[%emt 00:00:11]} 0-1

[Event "DEM U12 2021"]
[Site "Willingen GER"]
[Date "2021.08.28"]
[Round "8"]
[White "Nönnig, Jakob"]
[Black "Chugunov, Ivan"]
[Result "1/2-1/2"]
[Termination "normal"]
[Board "16"]
[WhiteElo "1442"]
[BlackElo "1488"]
[WhiteClock "00:19:12"]
[BlackClock "00:26:53"]
[PlyCount "90"]
[WhiteFideId "16289447"]
[BlackFideId "16256808"]
[EventCountry "GER"]
[EventRounds "9"]
[EventType "swiss"]
[EventDate "2021.08.22"]

1. e4 {[%clk 01:30:57]} {[%emt 00:00:01]} c5 {[%clk 01:30:48]} {[%emt
00:00:12]} 2. Nf3 {[%clk 01:31:13]} {[%emt 00:00:14]} e6 {[%clk 01:30:58]}
{[%emt 00:00:21]} 3. d4 {[%clk 01:31:15]} {[%emt 00:00:28]} cxd4 {[%clk
01:31:09]} {[%emt 00:00:19]} 4. Nxd4 {[%clk 01:31:35]} {[%emt 00:00:09]} Nc6
{[%clk 01:31:12]} {[%emt 00:00:28]} 5. Be3 {[%clk 01:29:39]} {[%emt 00:02:26]}
Qc7 {[%clk 01:30:54]} {[%emt 00:00:48]} 6. Be2 {[%clk 01:27:45]} {[%emt
00:02:24]} Nf6 {[%clk 01:27:49]} {[%emt 00:03:35]} 7. Nd2 {[%clk 01:22:25]}
{[%emt 00:05:50]} a6 {[%clk 01:23:12]} {[%emt 00:05:08]} 8. O-O {[%clk
01:18:05]} {[%emt 00:04:48]} Be7 {[%clk 01:19:01]} {[%emt 00:04:41]} 9. Kh1
{[%clk 01:14:22]} {[%emt 00:04:13]} d5 {[%clk 01:12:43]} {[%emt 00:06:49]} 10.
exd5 {[%clk 00:59:25]} {[%emt 00:15:27]} Nxd5 {[%clk 01:11:20]} {[%emt
00:01:53]} 11. Nxc6 {[%clk 00:58:31]} {[%emt 00:01:24]} Nxe3 {[%clk 01:11:11]}
{[%emt 00:00:39]} 12. fxe3 {[%clk 00:58:28]} {[%emt 00:00:33]} Qxc6 {[%clk
01:07:07]} {[%emt 00:04:33]} 13. Bd3 {[%clk 00:58:38]} {[%emt 00:00:20]} g6
{[%clk 01:04:30]} {[%emt 00:03:07]} 14. Ne4 {[%clk 00:52:57]} {[%emt 00:06:12]}
O-O {[%clk 01:03:43]} {[%emt 00:01:15]} 15. Rf3 {[%clk 00:42:39]} {[%emt
00:10:49]} e5 {[%clk 01:00:08]} {[%emt 00:04:06]} 16. Qf1 {[%clk 00:39:46]}
{[%emt 00:03:21]} Kg7 {[%clk 00:55:13]} {[%emt 00:05:26]} 17. Nd2 {[%clk
00:37:02]} {[%emt 00:03:12]} f5 {[%clk 00:53:25]} {[%emt 00:02:20]} 18. e4
{[%clk 00:36:03]} {[%emt 00:01:30]} f4 {[%clk 00:52:28]} {[%emt 00:01:27]} 19.
Nc4 {[%clk 00:33:04]} {[%emt 00:03:29]} Qc5 {[%clk 00:47:38]} {[%emt 00:05:20]}
20. c3 {[%clk 00:29:12]} {[%emt 00:04:22]} a5 {[%clk 00:46:00]} {[%emt
00:02:08]} 21. a3 {[%clk 00:27:58]} {[%emt 00:01:43]} a4 {[%clk 00:44:17]}
{[%emt 00:02:14]} 22. h3 {[%clk 00:18:48]} {[%emt 00:09:40]} Be6 {[%clk
00:40:51]} {[%emt 00:03:55]} 23. Nd2 {[%clk 00:18:58]} {[%emt 00:00:20]} h5
{[%clk 00:38:35]} {[%emt 00:02:45]} 24. Rf2 {[%clk 00:16:49]} {[%emt 00:02:41]}
g5 {[%clk 00:35:55]} {[%emt 00:03:09]} 25. Qe2 {[%clk 00:15:52]} {[%emt
00:01:27]} g4 {[%clk 00:33:17]} {[%emt 00:03:07]} 26. Qf1 {[%clk 00:14:51]}
{[%emt 00:01:32]} Rac8 {[%clk 00:25:55]} {[%emt 00:07:53]} 27. Bb5 {[%clk
00:10:44]} {[%emt 00:04:37]} g3 {[%clk 00:23:50]} {[%emt 00:02:35]} 28. Rf3
{[%clk 00:09:58]} {[%emt 00:01:16]} Bg4 {[%clk 00:23:29]} {[%emt 00:00:51]} 29.
Bxa4 {[%clk 00:06:22]} {[%emt 00:04:06]} Bxf3 {[%clk 00:23:42]} {[%emt
00:00:17]} 30. Nxf3 {[%clk 00:04:53]} {[%emt 00:01:58]} Rfd8 {[%clk 00:23:33]}
{[%emt 00:00:39]} 31. Re1 {[%clk 00:04:08]} {[%emt 00:01:16]} Rd6 {[%clk
00:21:24]} {[%emt 00:02:38]} 32. Bb3 {[%clk 00:04:10]} {[%emt 00:00:28]} Bf6
{[%clk 00:20:25]} {[%emt 00:01:29]} 33. Bd5 {[%clk 00:04:14]} {[%emt 00:00:26]}
Rb6 {[%clk 00:20:33]} {[%emt 00:00:21]} 34. Re2 {[%clk 00:04:09]} {[%emt
00:00:36]} Rd6 {[%clk 00:15:09]} {[%emt 00:05:53]} 35. Qb1 {[%clk 00:02:52]}
{[%emt 00:01:47]} b5 {[%clk 00:13:22]} {[%emt 00:02:17]} 36. Qf1 {[%clk
00:01:46]} {[%emt 00:01:36]} Rcd8 {[%clk 00:11:11]} {[%emt 00:02:41]} 37. Qe1
{[%clk 00:00:58]} {[%emt 00:01:18]} Rxd5 {[%clk 00:09:19]} {[%emt 00:02:23]}
38. exd5 {[%clk 00:01:20]} {[%emt 00:00:07]} Rxd5 {[%clk 00:09:36]} {[%emt
00:00:13]} 39. Rd2 {[%clk 00:00:42]} {[%emt 00:01:09]} Qd6 {[%clk 00:06:25]}
{[%emt 00:03:41]} 40. Rxd5 {[%clk 00:00:47]} {[%emt 00:00:24]} Qxd5 {[%clk
00:06:44]} {[%emt 00:00:11]} 41. Nd2 {[%clk 00:01:09]} {[%emt 00:00:06]} Kg6
{[%clk 00:06:18]} {[%emt 00:00:56]} 42. Qb1+ {[%clk 00:28:41]} {[%emt
00:03:00]} Kf7 {[%emt 00:03:28]} 43. Ne4 {[%clk 00:26:57]} {[%emt 00:02:12]}
Ke6 {[%clk 00:32:00]} {[%emt 00:01:52]} 44. Kg1 {[%clk 00:23:14]} {[%emt
00:04:12]} Bd8 {[%clk 00:31:21]} {[%emt 00:01:10]} 45. Kf1 {[%clk 00:19:12]}
{[%emt 00:04:31]} Kd7 {[%clk 00:26:53]} {[%emt 00:04:59]} 1/2-1/2

[Event "DEM U12 2021"]
[Site "Willingen GER"]
[Date "2021.08.28"]
[Round "8"]
[White "Bräutigam, Alexander"]
[Black "Zobel, Christian"]
[Result "0-1"]
[Termination "normal"]
[Board "17"]
[WhiteElo "1555"]
[BlackElo "1641"]
[WhiteClock "00:28:11"]
[BlackClock "00:58:32"]
[PlyCount "94"]
[WhiteFideId "16245210"]
[BlackFideId "16259068"]
[EventCountry "GER"]
[EventRounds "9"]
[EventType "swiss"]
[EventDate "2021.08.22"]

1. c4 {[%clk 01:30:57]} {[%emt 00:00:02]} b6 {[%clk 01:29:28]} {[%emt
00:01:32]} 2. Nc3 {[%clk 01:31:01]} {[%emt 00:00:26]} Bb7 {[%clk 01:29:08]}
{[%emt 00:00:50]} 3. d3 {[%clk 01:30:59]} {[%emt 00:00:32]} e6 {[%clk
01:28:18]} {[%emt 00:01:20]} 4. e4 {[%clk 01:30:48]} {[%emt 00:00:42]} d5
{[%clk 01:26:19]} {[%emt 00:02:28]} 5. exd5 {[%clk 01:28:31]} {[%emt 00:02:46]}
exd5 {[%clk 01:26:35]} {[%emt 00:00:15]} 6. Qe2+ {[%clk 01:28:51]} {[%emt
00:00:10]} Qe7 {[%clk 01:25:10]} {[%emt 00:01:54]} 7. Qxe7+ {[%clk 01:28:48]}
{[%emt 00:00:34]} Bxe7 {[%clk 01:24:01]} {[%emt 00:01:38]} 8. Bf4 {[%clk
01:28:12]} {[%emt 00:01:06]} Na6 {[%clk 01:21:19]} {[%emt 00:03:12]} 9. O-O-O
{[%clk 01:26:16]} {[%emt 00:02:27]} O-O-O {[%clk 01:20:45]} {[%emt 00:01:03]}
10. Nf3 {[%clk 01:23:46]} {[%emt 00:03:01]} Nf6 {[%clk 01:18:07]} {[%emt
00:03:08]} 11. Be2 {[%clk 01:21:04]} {[%emt 00:03:12]} Rhe8 {[%clk 01:14:21]}
{[%emt 00:04:16]} 12. Rhe1 {[%clk 01:17:48]} {[%emt 00:03:46]} Bb4 {[%clk
01:13:40]} {[%emt 00:01:10]} 13. Nd2 {[%clk 01:03:11]} {[%emt 00:15:08]} Bxc3
{[%clk 01:06:06]} {[%emt 00:08:05]} 14. bxc3 {[%clk 01:03:11]} {[%emt
00:00:30]} dxc4 {[%clk 01:05:55]} {[%emt 00:00:41]} 15. Nxc4 {[%clk 01:02:15]}
{[%emt 00:01:25]} Bxg2 {[%clk 01:05:36]} {[%emt 00:00:49]} 16. Ne3 {[%clk
00:58:32]} {[%emt 00:04:12]} Bb7 {[%clk 01:03:40]} {[%emt 00:02:26]} 17. Kb2
{[%clk 00:53:33]} {[%emt 00:05:30]} Nc5 {[%clk 00:58:28]} {[%emt 00:05:41]} 18.
Bg5 {[%clk 00:50:18]} {[%emt 00:03:46]} Rd6 {[%clk 00:52:20]} {[%emt 00:06:38]}
19. Kc2 {[%clk 00:31:48]} {[%emt 00:19:01]} Rde6 {[%clk 00:46:12]} {[%emt
00:06:36]} 20. Rg1 {[%clk 00:28:23]} {[%emt 00:03:55]} h6 {[%clk 00:43:38]}
{[%emt 00:03:05]} 21. Bxf6 {[%clk 00:27:35]} {[%emt 00:01:18]} Rxf6 {[%clk
00:43:56]} {[%emt 00:00:13]} 22. Rdf1 {[%clk 00:27:53]} {[%emt 00:00:11]} Bf3
{[%clk 00:40:35]} {[%emt 00:03:52]} 23. Kd2 {[%clk 00:25:32]} {[%emt 00:02:50]}
g6 {[%clk 00:37:04]} {[%emt 00:04:01]} 24. Bxf3 {[%clk 00:23:55]} {[%emt
00:02:08]} Rxf3 {[%clk 00:37:23]} {[%emt 00:00:10]} 25. Ke2 {[%clk 00:23:43]}
{[%emt 00:00:42]} Rh3 {[%clk 00:37:10]} {[%emt 00:00:42]} 26. Rg2 {[%clk
00:23:37]} {[%emt 00:00:37]} Rh4 {[%clk 00:35:23]} {[%emt 00:02:16]} 27. Kd2
{[%clk 00:23:37]} {[%emt 00:00:31]} Rd8 {[%clk 00:32:04]} {[%emt 00:03:49]} 28.
d4 {[%clk 00:23:25]} {[%emt 00:00:42]} Ne6 {[%clk 00:31:28]} {[%emt 00:01:06]}
29. Re1 {[%clk 00:21:08]} {[%emt 00:02:48]} c5 {[%clk 00:31:15]} {[%emt
00:00:43]} 30. d5 {[%clk 00:19:53]} {[%emt 00:01:45]} Nf4 {[%clk 00:31:09]}
{[%emt 00:00:35]} 31. Rg4 {[%clk 00:20:12]} {[%emt 00:00:11]} Rxg4 {[%clk
00:31:16]} {[%emt 00:00:23]} 32. Nxg4 {[%clk 00:20:36]} {[%emt 00:00:06]} Rxd5+
{[%clk 00:31:07]} {[%emt 00:00:39]} 33. Kc2 {[%clk 00:20:20]} {[%emt 00:00:46]}
h5 {[%clk 00:30:31]} {[%emt 00:01:06]} 34. Nf6 {[%clk 00:19:48]} {[%emt
00:01:03]} Rf5 {[%clk 00:29:01]} {[%emt 00:02:00]} 35. Re8+ {[%clk 00:18:52]}
{[%emt 00:01:26]} Kb7 {[%clk 00:28:28]} {[%emt 00:01:03]} 36. Re7+ {[%clk
00:18:12]} {[%emt 00:01:10]} Ka6 {[%clk 00:28:33]} {[%emt 00:00:25]} 37. Nd7
{[%clk 00:17:42]} {[%emt 00:01:00]} Nd5 {[%clk 00:28:05]} {[%emt 00:00:57]} 38.
Nb8+ {[%clk 00:16:59]} {[%emt 00:01:13]} Kb5 {[%clk 00:28:28]} {[%emt
00:00:07]} 39. Re1 {[%clk 00:00:54]} {[%emt 00:16:36]} Rxf2+ {[%clk 00:28:39]}
{[%emt 00:00:19]} 40. Kb3 {[%clk 00:00:52]} {[%emt 00:00:32]} c4+ {[%clk
00:28:49]} {[%emt 00:00:20]} 41. Ka3 {[%clk 00:01:08]} {[%emt 00:00:14]} Kc5
{[%clk 00:28:22]} {[%emt 00:00:57]} 42. Na6+ {[%clk 00:29:42]} {[%emt
00:01:56]} Kd6 {[%clk 00:58:29]} {[%emt 00:00:21]} 43. Rd1 {[%clk 00:29:37]}
{[%emt 00:00:36]} g5 {[%clk 00:57:58]} {[%emt 00:01:01]} 44. Nb4 {[%clk
00:29:21]} {[%emt 00:00:47]} Rf5 {[%clk 00:58:23]} {[%emt 00:00:05]} 45. Nc2
{[%clk 00:29:21]} {[%emt 00:00:30]} Kc5 {[%clk 00:58:11]} {[%emt 00:00:41]} 46.
Nd4 {[%clk 00:29:14]} {[%emt 00:00:38]} Nxc3 {[%clk 00:58:12]} {[%emt
00:00:29]} 47. Rd2 {[%clk 00:28:11]} {[%emt 00:01:33]} Nb1+ {[%clk 00:58:32]}
{[%emt 00:00:10]} 0-1

[Event "DEM U12 2021"]
[Site "Willingen GER"]
[Date "2021.08.28"]
[Round "8"]
[White "Dorendorf, Mika"]
[Black "Schaudienst, Arvid"]
[Result "1-0"]
[Termination "normal"]
[Board "18"]
[WhiteElo "1492"]
[BlackElo "1368"]
[WhiteClock "00:57:16"]
[BlackClock "00:08:52"]
[PlyCount "65"]
[WhiteFideId "16283066"]
[BlackFideId "16266943"]
[EventCountry "GER"]
[EventRounds "9"]
[EventType "swiss"]
[EventDate "2021.08.22"]

1. d4 {[%clk 01:30:56]} {[%emt 00:00:02]} Nf6 {[%clk 01:30:55]} {[%emt
00:00:06]} 2. c4 {[%clk 01:31:24]} {[%emt 00:00:02]} g6 {[%clk 01:31:18]}
{[%emt 00:00:07]} 3. h4 {[%clk 01:31:52]} {[%emt 00:00:02]} Bg7 {[%clk
01:31:24]} {[%emt 00:00:23]} 4. Nc3 {[%clk 01:32:18]} {[%emt 00:00:05]} O-O
{[%clk 01:31:26]} {[%emt 00:00:27]} 5. e4 {[%clk 01:32:43]} {[%emt 00:00:05]}
d6 {[%clk 01:31:49]} {[%emt 00:00:07]} 6. Be2 {[%clk 01:33:05]} {[%emt
00:00:09]} c5 {[%clk 01:30:49]} {[%emt 00:01:30]} 7. d5 {[%clk 01:33:32]}
{[%emt 00:00:03]} e6 {[%clk 01:30:51]} {[%emt 00:00:28]} 8. h5 {[%clk
01:33:47]} {[%emt 00:00:16]} exd5 {[%clk 01:29:50]} {[%emt 00:01:30]} 9. cxd5
{[%clk 01:33:18]} {[%emt 00:00:59]} Re8 {[%clk 01:29:55]} {[%emt 00:00:25]} 10.
hxg6 {[%clk 01:33:30]} {[%emt 00:00:18]} fxg6 {[%clk 01:28:26]} {[%emt
00:01:59]} 11. Bg5 {[%clk 01:31:45]} {[%emt 00:02:14]} Nbd7 {[%clk 01:26:17]}
{[%emt 00:02:40]} 12. Qd2 {[%clk 01:31:19]} {[%emt 00:00:56]} a6 {[%clk
01:14:09]} {[%emt 00:12:39]} 13. f3 {[%clk 01:31:19]} {[%emt 00:00:30]} b5
{[%clk 01:13:21]} {[%emt 00:01:18]} 14. Bh6 {[%clk 01:24:09]} {[%emt 00:07:39]}
Bh8 {[%clk 01:12:54]} {[%emt 00:00:56]} 15. Qf4 {[%clk 01:19:42]} {[%emt
00:04:58]} Ne5 {[%clk 01:09:38]} {[%emt 00:03:46]} 16. Qh2 {[%clk 01:17:29]}
{[%emt 00:02:38]} Qc7 {[%clk 01:02:28]} {[%emt 00:07:45]} 17. Rc1 {[%clk
01:12:39]} {[%emt 00:05:18]} b4 {[%clk 00:51:54]} {[%emt 00:11:06]} 18. Nd1
{[%clk 01:12:11]} {[%emt 00:00:57]} Qa5 {[%clk 00:51:19]} {[%emt 00:01:06]} 19.
Ra1 {[%clk 01:09:52]} {[%emt 00:02:49]} Ra7 {[%clk 00:49:31]} {[%emt 00:02:19]}
20. b3 {[%clk 01:09:06]} {[%emt 00:01:15]} Qb6 {[%clk 00:45:09]} {[%emt
00:04:51]} 21. Rc1 {[%clk 01:07:08]} {[%emt 00:02:28]} a5 {[%clk 00:35:20]}
{[%emt 00:10:20]} 22. Nb2 {[%clk 01:06:04]} {[%emt 00:01:33]} Ree7 {[%clk
00:29:05]} {[%emt 00:06:46]} 23. Bf4 {[%clk 01:05:18]} {[%emt 00:01:15]} Bd7
{[%clk 00:23:05]} {[%emt 00:06:30]} 24. Bxe5 {[%clk 01:05:27]} {[%emt
00:00:22]} Rxe5 {[%clk 00:23:11]} {[%emt 00:00:24]} 25. Nc4 {[%clk 01:05:32]}
{[%emt 00:00:25]} Qc7 {[%clk 00:19:49]} {[%emt 00:03:52]} 26. Nxe5 {[%clk
01:05:51]} {[%emt 00:00:11]} dxe5 {[%clk 00:19:58]} {[%emt 00:00:21]} 27. Qh6
{[%clk 01:05:15]} {[%emt 00:01:04]} a4 {[%clk 00:18:49]} {[%emt 00:01:40]} 28.
d6 {[%clk 01:01:18]} {[%emt 00:04:28]} Qc8 {[%emt 00:06:38]} 29. Bc4+ {[%emt
00:00:44]} Be6 {[%clk 00:11:45]} {[%emt 00:00:12]} 30. Qe3 {[%clk 00:56:35]}
{[%emt 00:05:12]} Bxc4 {[%clk 00:08:57]} {[%emt 00:03:18]} 31. Rxc4 {[%clk
00:56:53]} {[%emt 00:00:13]} axb3 {[%clk 00:09:14]} {[%emt 00:00:13]} 32. Qxb3
{[%clk 00:56:52]} {[%emt 00:00:31]} Qc6 {[%clk 00:08:52]} {[%emt 00:00:52]} 33.
Rxc5+ {[%clk 00:57:16]} {[%emt 00:00:07]} 1-0